Statystyki dla Kiedy powstały obecne granice Słowacji?

Kliknij tutaj aby rozwiązać quiz!

Ogólne statystyki

  • Ten quiz został rozwiązany 5 razy
  • Średni wynik to 2 z 5

Statystyki odpowiedzi

SąsiadRok% Poprawnych
Ukraina1945
100%
Węgry1920
40%
Polska1577
20%
Czechy1577
20%
Austria1577
20%

Rozkład punktacji

Percentyl według liczby udzielonych odpowiedzi

Procent ludzi z każdym wynikiem

Twoja historia wyników

Nie rozwiązałeś tego quizu